000 00456nam a2200181Ia 4500
001 522
005 20260306140524.0
008 260306t2016||||xx |||||||||||||| ||spa||
041 _aESP
082 _a121.8
_bS715
100 _aSaña, Heleno
_eAUT
245 0 _aLa ideología del éxito :
_buna lectura de la crisis de nuestro tiempo
260 _c2016
300 _a231 páginas :
_c22 cm.
650 _aGEN
654 _aCHU
942 _cLIB
_dJUS
_fJUS
_2ddc
_n
999 _c522
_d522